| 000 | 02185cam a2200349 i 4500 | ||
|---|---|---|---|
| 001 | 17993362 | ||
| 003 | OSt | ||
| 005 | 20240222124437.0 | ||
| 008 | 140110s2015 enk b 001 0 eng | ||
| 010 | _a 2014000647 | ||
| 020 | _a9780415843515 (hb : alk. paper) | ||
| 020 | _a9780415843522 (pb : alk. paper) | ||
| 040 |
_aDLC _beng _cDLC _erda _dDLC |
||
| 042 | _apcc | ||
| 050 | 0 | 0 |
_aSB454.3.P45 _bS68 2015 |
| 082 | 0 | 0 |
_a615.8515 _223 _bSOU |
| 100 | 1 |
_aSouter-Brown, Gayle. _9121080 |
|
| 245 | 1 | 0 |
_aLandscape and urban design for health and well-being : _busing healing, sensory, therapeutic gardens / _cGayle Souter-Brown. |
| 260 |
_aLondon: _bRoutledge; _c2015. |
||
| 300 |
_axix, 318 pages ; _c25 cm |
||
| 504 | _aIncludes bibliographical references and index. | ||
| 505 | 0 | _aThe origins and evolution of healing gardens -- The history : what were gardens for? -- Why do we need gardens for health and well-being today? -- Urban space degradation -- Sustainable communities are healthy communities -- Who will benefit from healing gardens? -- Healing gardens for children -- Healing gardens for adults -- Healing gardens and cityscapes for disabled children and adults -- Healing gardens for stressed executives -- Cost benefits of greening the urban environment through healing gardens -- Designing healing gardens using an inclusive, salutogenic approach -- The salutogenic design process -- Salutogenic design guidelines : simple is best -- Inclusive design : key design elements -- Additional resources -- Funding sources for public sensory, therapeutic and healing gardens -- How and where to develop community green space. | |
| 650 | 0 |
_aGardens _xPhilosophy. _9121081 |
|
| 650 | 0 |
_aGardening _xTherapeutic use. _9121082 |
|
| 650 | 0 |
_aLandscapes _xPsychological aspects. _9121083 |
|
| 650 | 0 |
_aNature _xPsychological aspects. _9121084 |
|
| 650 | 0 |
_aLandscape design. _932377 |
|
| 906 |
_a7 _bcbc _corignew _d1 _eecip _f20 _gy-gencatlg |
||
| 942 |
_2ddc _cREF |
||
| 999 |
_c608019 _d608019 |
||